01247cam a2200313 a 450000100040000000500170000400800410002102000400006204000310010205000240013308200150015710000180017224500820019025000120027226000410028430000620032550500060038752001800039352100180057352100190059165000580061065000690066865000490073765000600078665000220084665000210086865000190088970000250090848520230428124920.0031222s2004 nyu c 000 1 eng  a0439435404 (hardcover : alk. paper) aDLCcDLCdDLCdFISKHbeng 00aPZ7.H4364bCat 200400a813.542221 aHesse, Karen.14aThe cats in Krasinski Square /cby Karen Hesse ; illustrated by Wendy Watson. a1st ed. aNew York :bScholastic Press,c2004. a16 leaves of plates :bcolor illustrations ;c26 x 31 cm. aQ aTwo Jewish sisters, escapees of the infamous Warsaw ghetto, devise a plan to thwart an attempt by the Gestapo to intercept food bound for starving people behind the dark Wall. a930 bLexile aQ bRaz-Plus 0aJewsxPersecutionszPolandzWarsawvJuvenile fiction. 0aHolocaust, Jewish (1939-1945)zPolandzWarsawvJuvenile fiction. 1aJewsxPersecutionszPolandzWarsawvFiction. 1aHolocaust, Jewish (1939-1945)zPolandzWarsawvFiction. 1aSistersvFiction. 1aHeroesvFiction. 1aCatsvFiction.1 aWatson, Wendy,eill.